|
|
|
|
| LEADER |
00000nam a2200000 4500 |
| 001 |
vtls012148336 |
| 003 |
SK-MaSNL |
| 005 |
20260301105230.0 |
| 008 |
220909s2021 xo od f n 000 0 slo |
| 015 |
|
|
|a SNBA2023/01
|
| 020 |
|
|
|a 9788055818344
|q (brožované)
|
| 040 |
|
|
|a SNK
|b slo
|c SNK
|e rda
|
| 041 |
0 |
|
|a slo
|b eng
|
| 044 |
|
|
|a xo
|c SK
|
| 072 |
|
7 |
|a 551
|x Geológia. Meteorológia. Klimatológia
|2 konspekt
|
| 080 |
|
|
|a 911.53:63
|2 2011
|
| 080 |
|
|
|a 551.3.053
|2 2001
|
| 080 |
|
|
|a 551.311.21
|2 2011
|
| 080 |
|
|
|a (048.8)
|2 2011
|
| 080 |
|
|
|a 504
|2 2011
|
| 100 |
1 |
|
|a Petlušová, Viera,
|d 1975-
|4 aut
|4 edt
|9 220598
|
| 245 |
1 |
0 |
|a Erózia pôdy ako limitujúci faktor využívania poľnohospodárskej krajiny
|c Viera Petlušová & Peter Petluš (eds.) ; autori Viera Viera Petlušová, Peter Petluš, Juraj Hreško, Michal Ševčík, Peter Mederly, Gabriel Bugár, Marek Moravčík
|
| 264 |
|
1 |
|a Nitra
|b Univerzita Konštantína Filozofa v Nitre
|c 2021
|
| 300 |
|
|
|a 98 strán
|b fotografie, grafy, ilustrácie, mapy, tabuľky
|c 25 cm
|
| 336 |
|
|
|a text
|b txt
|2 rdacontent
|
| 337 |
|
|
|a bez média
|b n
|2 rdamedia
|
| 338 |
|
|
|a zväzok
|b nc
|2 rdacarrier
|
| 366 |
|
|
|e 100 kusov
|
| 490 |
1 |
|
|a Prírodovedec
|v č. 768
|
| 500 |
|
|
|a Text v dvoch stĺpcoch na stranu
|
| 504 |
|
|
|a Bibliografia na strane 86-98
|
| 650 |
0 |
7 |
|a poľnohospodárska krajina
|2 SNKPH
|9 78928
|
| 650 |
0 |
7 |
|a erózia (geológia)
|2 SNKPH
|9 123953
|
| 650 |
0 |
7 |
|a vodná erózia
|2 SNKPH
|9 69484
|
| 650 |
0 |
7 |
|a degradácia pôdy
|2 SNKPH
|9 55294
|
| 650 |
0 |
7 |
|a Agricultural landscape
|2 SNKPHeng
|9 328731
|
| 650 |
0 |
7 |
|a Erosion
|2 SNKPHeng
|9 440739
|
| 650 |
0 |
7 |
|a Water erosion
|2 SNKPHeng
|9 332949
|
| 650 |
0 |
7 |
|a Soil degradation
|2 SNKPHeng
|9 331799
|
| 655 |
|
7 |
|a štúdie
|2 SNKPH
|9 57033
|
| 655 |
|
7 |
|a Studies
|2 SNKPHeng
|9 265573
|
| 700 |
1 |
|
|a Petluš, Peter,
|d 1981-
|4 aut
|4 edt
|9 217289
|
| 700 |
1 |
|
|a Hreško, Juraj,
|d 1957-
|4 aut
|9 239476
|
| 700 |
1 |
|
|a Ševčík, Michal,
|d 1991-
|4 aut
|9 261888
|
| 700 |
1 |
|
|a Mederly, Peter,
|d 1948-
|4 aut
|9 200795
|
| 700 |
1 |
|
|a Bugár, Gabriel,
|d 1973-
|4 aut
|9 131496
|
| 700 |
1 |
|
|a Moravčík, Marek,
|d 1996-
|4 aut
|9 217889
|
| 810 |
2 |
|
|a Univerzita Konštantína Filozofa v Nitre
|t Prírodovedec
|9 303135
|
| 919 |
|
|
|a 978-80-558-1834-4
|
| 954 |
|
|
|a odborná, vedecká literatúra pôvodná (slovenská)
|2 lita
|
| 958 |
|
|
|a NB
|
| 999 |
|
|
|c 700331
|d 702261
|
| 952 |
|
|
|a SNK
|b SNK
|y PREZ
|7 0
|p 17A1309560
|o snkSC 198945
|i snk2022/13714
|8 0
|0 0
|1 0
|4 0
|d 2022-09-09
|l 0
|r 2025-10-21 00:00:00
|w 2026-02-23
|
| 952 |
|
|
|a SNK
|b SNK
|y VYP
|7 0
|p 17A1309561
|o snkSC 198945 D1
|i snk2022/13715
|8 0
|0 0
|1 0
|4 0
|d 2022-09-09
|l 0
|r 2026-02-23 20:55:25
|w 2026-02-23
|